Autizmus az örök kirakó? /

Az autizmus fogalma a gyermekpszichiátriában Leo Kannertől (1946) és Hans Aspergertől (1944) származik, akik az autisztikus spektrumzavar két altípusát egymástól függetlenül írták le. Az elmúlt közel nyolc évtized alatt számos kutató igyekezett felderíteni, mi is igazából az autizmus, mi okozza, mir...

Teljes leírás

Elmentve itt :
Bibliográfiai részletek
Szerző: Szabó-Balogh Virág
Dokumentumtípus: Cikk
Megjelent: 2015
Sorozat:Iskolakultúra 25 No. 12
mtmt:https://dx.doi.org/10.17543/ISKKULT.2015.12.3
Online Access:http://misc.bibl.u-szeged.hu/41699
LEADER 01412nab a2200193 i 4500
001 misc41699
005 20191106140443.0
008 180706s2015 hu o 0|| zxx d
022 |a 1215-5233 
024 7 |a https://dx.doi.org/10.17543/ISKKULT.2015.12.3  |2 doi 
040 |a SZTE Miscellanea Repozitórium  |b hun 
041 |a zxx 
100 2 |a Szabó-Balogh Virág 
245 1 0 |a Autizmus  |h [elektronikus dokumentum] :  |b az örök kirakó? /  |c  Szabó-Balogh Virág 
260 |c 2015 
300 |a 3-18 
490 0 |a Iskolakultúra  |v 25 No. 12 
520 3 |a Az autizmus fogalma a gyermekpszichiátriában Leo Kannertől (1946) és Hans Aspergertől (1944) származik, akik az autisztikus spektrumzavar két altípusát egymástól függetlenül írták le. Az elmúlt közel nyolc évtized alatt számos kutató igyekezett felderíteni, mi is igazából az autizmus, mi okozza, mire számíthatunk, ha egy autista személlyel lépünk kapcsolatba, mit tehetünk, hogy egy autizmussal élő hétköznapjait könnyebbé tegyük. Sokan sokféle megközelítést alkalmazva jutottak egyre közelebb a válaszhoz, azonban a mai napig nem került még helyére a kirakó minden darabja. Jelen cikkben az eddig napvilágot látott releváns „darabkákat” igyekszem bemutatni, fókuszálva az alapvető jellegzetességekre és az intervenciós lehetőségekre. 
856 4 0 |u http://misc.bibl.u-szeged.hu/41699/1/01.pdf  |z Dokumentum-elérés